Loading...
| History - World | 0 | 2 | 0 | 0 | 20 | 62 | 63.50 | 0 | 1 | 7.31 | 9.09 |
| History - European | 0 | 2 | 0 | 0 | 20 | 59 | 79.00 | 0 | 0 | 5.87 | 10.00 |
| Science - Physics | 0 | 2 | 1 | 0 | 15 | 67 | 75.50 | 0 | 0 | 5.59 | 7.12 |
| Mythology | 0 | 1 | 0 | 0 | 10 | 71 | 71.00 | 0 | 0 | 2.88 | 3.64 |
| History - Other | 0 | 1 | 0 | 0 | 10 | 65 | 65.00 | 0 | 1 | 3.95 | 7.44 |
| Popular Culture | 0 | 1 | 0 | 0 | 10 | 91 | 91.00 | 0 | 0 | 2.98 | 2.86 |
| Science - Biology | 0 | 1 | 0 | 0 | 10 | 28 | 28.00 | 0 | 1 | 6.84 | 8.33 |
| History - American | 0 | 0 | 1 | 0 | -5 | 0.00 | 0 | 0 | 0.00 | 0.00 | |
| Science - Chemistry | 0 | 0 | 1 | 0 | -5 | 0.00 | 0 | 0 | 0.00 | 0.00 | |
| Science - Other | 0 | 0 | 1 | 0 | -5 | 0.00 | 0 | 0 | 0.00 | 0.00 | |
| Geography | 0 | 0 | 2 | 0 | -10 | 0.00 | 0 | 0 | 0.00 | 0.00 |